| 000 | 00378nam a2200157Ia 4500 | ||
|---|---|---|---|
| 008 | 230917s9999||||xx |||||||||||||| ||und|| | ||
| 040 |
_e53942 _aMAIN |
||
| 041 | _aEnglish | ||
| 082 | _a352.0544 A67B | ||
| 100 | _aArora, Ramesh | ||
| 245 | 0 | _aBharat mein rajya prashasan | |
| 250 | _a2nd ed. | ||
| 260 |
_aJaipur _bRBSA Publishers _c2001 |
||
| 300 | _a300 p. | ||
| 942 | _cBK | ||
| 999 |
_c111960 _d111960 |
||